[Event "Antofagasta Zicosur op 3rd"]
[Site "Antofagasta"]
[Date "2017.01.10"]
[Round "1"]
[White "Pichot, Alan"]
[Black "Conde Escobar, Phol"]
[Result "1-0"]
[WhiteElo "2548"]
[BlackElo "1872"]
[PlyCount "41"]
[EventDate "2017.01.10"]
[EventType "swiss"]
[EventRounds "9"]
[EventCountry "CHI"]
[SourceTitle "CBM 176 Extra"]
[Source "ChessBase"]
[SourceDate "2017.03.02"]
[SourceVersion "1"]
[SourceVersionDate "2017.03.02"]
[SourceQuality "1"]

1. e4 e6 2. d4 d5 3. Bd3 dxe4 4. Bxe4 Nf6 5. Bf3 c5 6. Ne2 Qc7 7. Nbc3 Bd7 8. Bf4 Qb6 9. d5 Be7 10. d6 Bf8 11. a4 Bc6 12. Nb5 Bxb5 13. axb5 Nbd7 14. Nc3 e5 15. Bg5 Bxd6 16. Bxb7 Qxb7 17. Qxd6 Qxg2 18. Bxf6 gxf6 19. 0-0-0 Qg5+ 20. Kb1 Nb6 21. Ne4 1-0

[Event "PER-ch"]
[Site "Lima"]
[Date "2015.04.30"]
[Round "2"]
[White "Miguel, Fernando"]
[Black "Conde Escobar, Phol"]
[Result "1-0"]
[WhiteElo "2217"]
[BlackElo "1884"]
[PlyCount "32"]
[EventDate "2015.04.30"]
[EventType "swiss"]
[EventRounds "8"]
[EventCountry "PER"]
[SourceTitle "CBM 166 Extra"]
[Source "ChessBase"]
[SourceDate "2015.06.18"]
[SourceVersion "1"]
[SourceVersionDate "2015.06.18"]
[SourceQuality "1"]

1. c4 c5 2. Nc3 Nf6 3. g3 d5 4. cxd5 Nxd5 5. Bg2 e6 6. Nf3 Nc6 7. 0-0 g6 8. d4 cxd4 9. Nxd5 exd5 10. Bg5 f6 11. Bc1 Bc5 12. b3 Bf5 13. Bb2 Qb6 14. Qd2 Kf7 15. Rad1 d3 16. exd3 d4 1-0

[Event "Arica op 2nd"]
[Site "Arica"]
[Date "2015.01.16"]
[Round "5"]
[White "Fernandez Sanchez, Fernando"]
[Black "Conde Escobar, Phol"]
[Result "1/2-1/2"]
[WhiteElo "2361"]
[BlackElo "1858"]
[PlyCount "82"]
[EventDate "2015.01.13"]
[EventType "swiss"]
[EventRounds "9"]
[EventCountry "CHI"]
[SourceTitle "EXT 2016"]
[Source "ChessBase"]
[SourceDate "2015.10.08"]
[SourceVersion "1"]
[SourceVersionDate "2015.10.08"]
[SourceQuality "1"]

1. Nf3 c5 2. c4 Nf6 3. g3 g6 4. Bg2 Bg7 5. 0-0 0-0 6. d4 cxd4 7. Nxd4 Nc6 8. Nc3 Qb6 9. Nc2 d6 10. b3 Bf5 11. Bb2 Rac8 12. Ne3 Be6 13. Rb1 Rfd8 14. Ncd5 Bxd5 15. cxd5 Nb8 16. Bd4 Qa6 17. Qd3 Qxd3 18. exd3 b6 19. Rfe1 Nfd7 20. Bxg7 Kxg7 21. Nc4 Kf8 22. Re3 Rc7 23. Rbe1 Nf6 24. b4 Ng8 25. f4 Nd7 26. g4 Ra8 27. g5 a5 28. Bh3 f5 29. gxf6 Ndxf6 30. bxa5 b5 31. Nd2 Rxa5 32. Nb3 Rxa2 33. Nd4 Rb7 34. Bc8 Rb8 35. Be6 b4 36. Rb1 Rb6 37. f5 g5 38. Bxg8 Nxg8 39. Ne6+ Ke8 40. Nxg5 h6 41. Ne4 Kf7 1/2-1/2

[Event "Antofagasta Zicosur op 1st"]
[Site "Antofagasta"]
[Date "2015.01.09"]
[Round "8"]
[White "Conde Escobar, Phol"]
[Black "Huanca Perez, Joaquin"]
[Result "1-0"]
[WhiteElo "1858"]
[BlackElo "1466"]
[PlyCount "101"]
[EventDate "2015.01.05"]
[EventType "swiss"]
[EventRounds "10"]
[EventCountry "CHI"]
[SourceTitle "CBM 164 Extra"]
[Source "ChessBase"]
[SourceDate "2015.03.02"]
[SourceVersion "1"]
[SourceVersionDate "2015.03.02"]
[SourceQuality "1"]

1. c4 f5 2. g3 Nf6 3. Bg2 g6 4. Nc3 Bg7 5. Rb1 0-0 6. Nh3 e5 7. d4 d6 8. dxe5 dxe5 9. Qxd8 Rxd8 10. Nd5 Nxd5 11. Bxd5+ Kf8 12. Bg5 Re8 13. Bd2 a5 14. c5 c6 15. Bc4 h6 16. f3 Be6 17. Bxe6 Rxe6 18. e4 fxe4 19. fxe4 Na6 20. Bxa5 Nxc5 21. Bb4 b6 22. a3 Ke8 23. Bxc5 bxc5 24. Rc1 Rb8 25. Rc2 c4 26. Ke2 Bf8 27. Ra1 c5 28. Nf2 h5 29. Nd1 Rd6 30. Rxc4 Rd4 31. Rxd4 exd4 32. Rc1 Bd6 33. e5 Bxe5 34. Rxc5 d3+ 35. Kxd3 Bxb2 36. Nxb2 Rxb2 37. Rc2 Rb3+ 38. Rc3 Rb2 39. h4 Rb6 40. Ke4 Kf7 41. Kd5 Rb5+ 42. Kd6 Kf6 43. Rf3+ Rf5 44. Rxf5+ Kxf5 45. a4 Kg4 46. a5 Kxg3 47. a6 Kxh4 48. a7 g5 49. a8Q g4 50. Qh1+ Kg5 51. Ke5 1-0

[Event "Antofagasta Zicosur op 1st"]
[Site "Antofagasta"]
[Date "2015.01.08"]
[Round "6"]
[White "Conde Escobar, Phol"]
[Black "Ramirez, Maria Eugenia"]
[Result "0-1"]
[WhiteElo "1858"]
[BlackElo "2010"]
[PlyCount "88"]
[EventDate "2015.01.05"]
[EventType "swiss"]
[EventRounds "10"]
[EventCountry "CHI"]
[SourceTitle "CBM 164 Extra"]
[Source "ChessBase"]
[SourceDate "2015.03.02"]
[SourceVersion "1"]
[SourceVersionDate "2015.03.02"]
[SourceQuality "1"]

1. c4 Nf6 2. Nf3 e6 3. g3 g6 4. Bg2 Bg7 5. 0-0 0-0 6. d4 d5 7. Nc3 c6 8. Ne5 Nfd7 9. Nxd7 Nxd7 10. cxd5 exd5 11. e3 Re8 12. b3 Nf6 13. Bb2 Bf5 14. Rc1 Qd7 15. Re1 g5 16. b4 a6 17. Na4 Qe7 18. Qb3 g4 19. Ba3 Bf8 20. Nc5 Ne4 21. Nxe4 Bxe4 22. Rc3 Bxg2 23. Kxg2 Qe4+ 24. Kg1 Re6 25. Qb1 Qf3 26. Qd1 Qf5 27. Qd3 Qh5 28. Qf1 Rae8 29. Rb3 Rh6 30. Qg2 Qf5 31. Rc1 Ree6 32. Re1 Rh3 33. Bc1 Qe4 34. Qxe4 dxe4 35. Bd2 Reh6 36. a4 Rxh2 37. Kf1 Bd6 38. Ke2 Bxg3 39. Rf1 Rf6 40. Be1 Bxf2 41. Kd1 g3 42. Rb2 Bxe1 43. Rg1 Rxb2 44. Kxe1 Rb1+ 0-1

[Event "Antofagasta Zicosur op 1st"]
[Site "Antofagasta"]
[Date "2015.01.07"]
[Round "4"]
[White "Conde Escobar, Phol"]
[Black "Rodriguez Vila, Andres"]
[Result "0-1"]
[WhiteElo "1858"]
[BlackElo "2444"]
[PlyCount "59"]
[EventDate "2015.01.05"]
[EventType "swiss"]
[EventRounds "10"]
[EventCountry "CHI"]
[SourceTitle "CBM 164 Extra"]
[Source "ChessBase"]
[SourceDate "2015.03.02"]
[SourceVersion "1"]
[SourceVersionDate "2015.03.02"]
[SourceQuality "1"]

1. c4 e5 2. Nc3 Nc6 3. g3 g6 4. Bg2 Bg7 5. d3 d6 6. Nf3 Nf6 7. 0-0 0-0 8. Ne1 Bd7 9. Nc2 Qc8 10. Ne3 Bh3 11. Ned5 Bxg2 12. Kxg2 Nxd5 13. Nxd5 f5 14. b4 Rf7 15. Rb1 f4 16. f3 Nd4 17. g4 h5 18. h3 Qd7 19. Bd2 Kh7 20. Be1 Rh8 21. Bh4 Kg8 22. g5 Nf5 23. Bf2 h4 24. Nc3 Rh5 25. Ne4 Bh8 26. b5 Ng3 27. Rg1 Qe6 28. Qc2 b6 29. a4 Bg7 30. a5 0-1

[Event "Arequipa GP Peru Sur"]
[Site "Arequipa"]
[Date "2013.06.27"]
[Round "2"]
[White "Conde Escobar, Phol"]
[Black "Iturry Quinonez, Gunther William"]
[Result "0-1"]
[WhiteElo "1823"]
[BlackElo "2231"]
[PlyCount "76"]
[EventDate "2013.06.27"]
[EventType "swiss"]
[EventRounds "8"]
[EventCountry "PER"]
[SourceTitle "EXT 2018"]
[Source "ChessBase"]
[SourceDate "2017.10.13"]
[SourceVersion "1"]
[SourceVersionDate "2017.10.13"]
[SourceQuality "1"]

1. c4 e6 2. g3 f5 3. Bg2 Nf6 4. Nf3 d5 5. b3 c6 6. Bb2 Bd6 7. 0-0 0-0 8. d3 Qe8 9. Nbd2 e5 10. e4 fxe4 11. dxe4 d4 12. Ne1 c5 13. Nd3 Nc6 14. h3 Qg6 15. Nf3 a5 16. Ba3 b6 17. Nh4 Qe8 18. Bc1 Qh5 19. Qxh5 Nxh5 20. g4 Nf6 21. Nf5 Bc7 22. f4 Bb7 23. fxe5 Bxe5 24. Nxe5 Nxe5 25. Bf4 Nfd7 26. Ne7+ Kh8 27. Nd5 Bxd5 28. exd5 Rae8 29. Bxe5 Nxe5 30. Rxf8+ Rxf8 31. Re1 Re8 32. Kf1 Kg8 33. Be4 g6 34. Bc2 Kf8 35. Kg2 Nf7 36. Rxe8+ Kxe8 37. h4 Ke7 38. Kg3 Kf6 0-1